|
|
|
|
| LEADER |
01391nam a2200349 a 4500 |
| 001 |
c000181909 |
| 003 |
CARM |
| 005 |
20050330131141.0 |
| 008 |
880812s1988 acaa b f000 0 eng d |
| 019 |
1 |
|
|a 5769070
|z 28067029
|z 60041745
|5 LACONCORD2021
|
| 020 |
|
|
|a 0644078413
|z 0644078626
|
| 035 |
|
|
|a (OCoLC)37088338
|5 LACONCORD2021
|
| 040 |
|
|
|a NSL:R
|b eng
|c NSL:R
|d NSL:R
|
| 042 |
|
|
|a anuc
|
| 043 |
|
|
|a u-at---
|
| 050 |
1 |
4 |
|a TD893.5
|b .A8 C65 1988
|
| 082 |
0 |
4 |
|a 363.74/63/0994
|2 19
|
| 245 |
0 |
0 |
|a Community response to noise in Australia :
|b results of the 1986 National Noise Survey /
|c Australian Environment Council.
|
| 260 |
|
|
|a Canberra :
|b Australian Govt. Pub. Service,
|c c1988.
|
| 300 |
|
|
|a iii, 28 p. :
|b ill. ;
|c 25 cm.
|
| 490 |
1 |
|
|a AEC report,
|x 0725-5195 ;
|v no. 21
|
| 500 |
|
|
|a Australian Govt. Pub. Service cat. no. 8800151.
|
| 504 |
|
|
|a Bibliography: p. 18.
|
| 650 |
|
0 |
|a Noise pollution
|z Australia
|x Public opinion.
|
| 650 |
|
0 |
|a Public opinion
|z Australia.
|
| 650 |
|
0 |
|a Noise pollution
|z Australia.
|
| 710 |
2 |
|
|a Australian Environment Council.
|
| 710 |
2 |
|
|a National Noise Survey (Australia)
|
| 830 |
|
0 |
|a AEC report ;
|v no. 21.
|
| 852 |
8 |
|
|b CARM
|h A2:AK38C0
|i C06427
|p 0246833
|f BK
|
| 999 |
f |
f |
|i 4203af03-be1f-5f11-a9de-f678150c6498
|s 7105fa23-fe1d-5a76-be6b-5646a2921f60
|
| 952 |
f |
f |
|p Can circulate
|a CAVAL
|b CAVAL
|c CAVAL
|d CARM 1 Store
|e C06427
|f A2:AK38C0
|h Other scheme
|i book
|m 0246833
|